South Asia : (Record no. 615592)

MARC details
000 -LEADER
fixed length control field 00466nam a2200181 a 4500
008 - FIXED-LENGTH DATA ELEMENTS--GENERAL INFORMATION
fixed length control field 260225s2008##################000#0#eng##
020 ## - INTERNATIONAL STANDARD BOOK NUMBER
ISBN 9788190428521
082 04 - DEWEY DECIMAL CLASSIFICATION NUMBER
Classification number 320.954
Item number BHO
100 1# - MAIN ENTRY--AUTHOR NAME
Personal name Bhonsle, Rahul K.,
245 10 - TITLE STATEMENT
Title South Asia :
260 ## - PUBLICATION, DISTRIBUTION, ETC. (IMPRINT)
Name of publisher Vij Books India,
Year of publication 2008.
650 #0 - SUBJECT ADDED ENTRY--TOPICAL TERM
Topical Term Political Science.
942 ## - ADDED ENTRY ELEMENTS (KOHA)
Koha item type English Books
Holdings
Withdrawn status Lost status Damaged status Not for loan Home library Current library Shelving location Date acquired Full call number Accession Number Price effective from Koha item type
        Anna Centenary Library Anna Centenary Library 3RD FLOOR, B WING 25.02.2026 320.954 BHO 535686 25.02.2026 English Books

Find us on the map